| 000 | 00413nam a2200157Ia 4500 | ||
|---|---|---|---|
| 008 | 160316s2008 xxu||||| |||| 00| 0 eng d | ||
| 082 |
_a346.059000 _bRAM |
||
| 100 | _aRamjohn Mohamed | ||
| 245 | _aText, cases and materials on equity and trusts trusts | ||
| 250 | _a4th | ||
| 260 |
_aLondon _bRoutledge _c2008 |
||
| 300 |
_a710p _b _cxlii |
||
| 365 | _b Rs 3,598 | ||
| 650 | _a1.Trust Laws - U K | ||
| 700 |
_a _a |
||
| 999 |
_c31493 _d31493 |
||